Veda a ľudstvo 1974-1975
Gespeichert in:
| Weitere Verfasser: | |
|---|---|
| Format: | Buch |
| Sprache: | Slowakisch |
| Veröffentlicht: |
Bratislava
Obzor
1974
|
| Schriftenreihe: | Malá moderná encyklopédia
|
| Tags: |
Keine Tags, Fügen Sie das erste Tag hinzu!
|
MARC
| LEADER | 00000nam a2200000 4500 | ||
|---|---|---|---|
| 001 | c120575 | ||
| 005 | 20041019155217.6 | ||
| 041 | 0 | |a slo | |
| 044 | |a SK | ||
| 245 | 1 | 0 | |a Veda a ľudstvo 1974-1975 |c [Z rus. texov prel. Ján Dubovský] |
| 264 | 1 | |a Bratislava |b Obzor |c 1974 | |
| 300 | |a 247 s. | ||
| 490 | 1 | |a Malá moderná encyklopédia | |
| 830 | 0 | |a Malá moderná encyklopédia | |
| 700 | 1 | |a Dubovský, Ján | |